000 00311nam a2200121Ia 4500
008 151213s9999 xx 000 0 und d
245 _aAnnual Budget 2005 - 06
_bConsolidated Fund Receipts
260 _aDhaka
_bGovt.Govt.
_c2005
300 _a2358 p.
650 _aEconomics
650 _aEconomics
999 _c1667
_d1667